[Event "Iasi op"]
[Site "Iasi ROM"]
[Date "2015.06.06"]
[Round "9.9"]
[White "Piasetski, Leon"]
[Black "Kulaots, Kaido"]
[Result "0-1"]
[WhiteElo "2272"]
[BlackElo "2574"]
[PlyCount "96"]
[GameId "2130307658703841"]
[EventDate "2015.05.29"]
[EventType "swiss"]
[EventRounds "9"]
[EventCountry "ROU"]
[SourceTitle "The Week in Chess 1074"]
[Source "Mark Crowther"]
[SourceDate "2015.06.08"]
[SourceVersion "2"]
[SourceVersionDate "2015.06.09"]
[SourceQuality "2"]

1. Nf3 Nf6 2. c4 g6 3. Nc3 d5 4. cxd5 Nxd5 5. Qa4+ Bd7 6. Qb3 Nb6 7. d4 Bg7 8. Bf4 Be6 9. Qc2 Nc6 10. e3 O-O 11. Be2 Nb4 12. Qd2 c5 13. O-O cxd4 14. exd4 Nc4 15. Qc1 Rc8 16. b3 Nb6 17. Qd2 N6d5 18. Nxd5 Nxd5 19. Bh6 Nc3 20. Bxg7 Kxg7 21. Rfc1 Nxe2+ 22. Qxe2 Qd5 23. h3 Rfd8 24. Qe3 h6 25. Kh2 b6 26. Rxc8 Rxc8 27. Rc1 Qd6+ 28. Kg1 Rd8 29. Qe5+ Qxe5 30. dxe5 Rd7 31. Kf1 g5 32. Ke2 Bd5 33. Ke3 e6 34. Rc3 Kg6 35. g4 Bb7 36. Ne1 Rd5 37. Nd3 Ba6 38. Nb4 Rxe5+ 39. Kd4 Ra5 40. Nxa6 Rxa6 41. a4 Ra5 42. Rc7 Rd5+ 43. Kc4 a6 44. Rc6 b5+ 45. Kb4 bxa4 46. Kxa4 Rd3 47. Rxa6 Rxh3 48. Rc6 Rh4 0-1

[Event "Montcada op"]
[Site "Montcada ESP"]
[Date "2014.07.01"]
[Round "7.20"]
[White "Movsziszian, Karen"]
[Black "Piasetski, Leon"]
[Result "1-0"]
[WhiteElo "2520"]
[BlackElo "2295"]
[PlyCount "45"]
[GameId "2130307669804788"]
[EventDate "2014.06.25"]
[EventType "swiss"]
[EventRounds "9"]
[EventCountry "ESP"]
[SourceTitle "10 Days #404"]
[Source "Chess Mix"]

1. g3 e5 2. Bg2 d5 3. d3 Nf6 4. Nf3 Bd6 5. O-O h6 6. c4 c6 7. Nc3 dxc4 8. dxc4 Be6 9. b3 Qe7 10. Qc2 g5 11. a3 Nbd7 12. Rd1 Bc7 13. Nd2 Nb6 14. a4 Bd6 15. a5 Nc8 16. a6 O-O 17. Nde4 Nxe4 18. Nxe4 Bb4 19. axb7 Qxb7 20. Nf6+ Kg7 21. Qh7+ Kxf6 22. Qxh6+ Ke7 23. Bxg5+ 1-0

[Event "Groningen op A"]
[Site "Groningen NED"]
[Date "2012.12.21"]
[Round "1.39"]
[White "Grigoryan, Meri"]
[Black "Piasetski, Leon"]
[Result "0-1"]
[WhiteElo "2025"]
[BlackElo "2310"]
[PlyCount "114"]
[GameId "2130307688283298"]
[EventDate "2012.12.21"]
[EventType "swiss"]
[EventRounds "9"]
[EventCountry "NED"]
[SourceTitle "The Week in Chess 946"]
[Source "Mark Crowther"]
[SourceDate "2012.12.24"]
[SourceVersion "1"]
[SourceVersionDate "2012.12.24"]
[SourceQuality "2"]

1. d4 f5 2. c4 Nf6 3. Nc3 g6 4. Nf3 Bg7 5. Bf4 d6 6. g3 Nbd7 7. Bg2 Nh5 8. Ng5 Nxf4 9. gxf4 Nf8 10. e3 e6 11. Qb3 h6 12. Nf3 Qe7 13. O-O-O g5 14. fxg5 hxg5 15. e4 g4 16. Ne1 f4 17. f3 c6 18. fxg4 e5 19. dxe5 Bxe5 20. h3 Be6 21. Nf3 b5 22. Bf1 Bxg4 23. hxg4 Rxh1 24. cxb5 Rb8 25. Nxe5 dxe5 26. Qa4 Rd8 27. bxc6 Rxd1+ 28. Qxd1 Qc5 29. c7 Nd7 30. Qf3 Rg1 31. Kd2 Rg3 32. Qh1 Qd6+ 33. Kc2 Qxc7 34. Qh8+ Nf8 35. Bb5+ Kf7 36. Qh5+ Kg7 37. Qg5+ Kh8 38. Qh6+ Nh7 39. Qe6 Qc5 40. Qe8+ Kg7 41. Qd7+ Kg8 42. Qe6+ Kh8 43. Bc4 Rg2+ 44. Ne2 Qf8 45. Qxe5+ Qf6 46. Qb8+ Kg7 47. Qxa7+ Kh6 48. Kb3 Ng5 49. Nd4 Nxe4 50. Bg8 Kg5 51. Qa5+ Kh4 52. Qe1+ Rg3+ 53. Nf3+ Kxg4 54. Qxe4 Rxf3+ 55. Ka4 Qa6+ 56. Kb4 Qb6+ 57. Kc4 Qc7+ 0-1

[Event "Groningen op A"]
[Site "Groningen NED"]
[Date "2012.12.22"]
[Round "2.8"]
[White "Piasetski, Leon"]
[Black "Gormally, Daniel"]
[Result "0-1"]
[WhiteElo "2310"]
[BlackElo "2495"]
[PlyCount "43"]
[GameId "2130307688283311"]
[EventDate "2012.12.21"]
[EventType "swiss"]
[EventRounds "9"]
[EventCountry "NED"]
[SourceTitle "The Week in Chess 946"]
[Source "Mark Crowther"]
[SourceDate "2012.12.24"]
[SourceVersion "1"]
[SourceVersionDate "2012.12.24"]
[SourceQuality "2"]

1. f4 e5 2. fxe5 Nc6 3. Nf3 g5 4. d4 g4 5. Ng5 d5 6. exd6 Bxd6 7. Ne4 Bf5 8. Nxd6+ Qxd6 9. e4 Bxe4 10. Nc3 Bg6 11. Nb5 Qd7 12. Bf4 O-O-O 13. c3 Qf5 14. Qd2 Re8+ 15. Kd1 Nf6 16. Bxc7 Ne4 17. Bg3 Qf6 18. Qe3 a6 19. Na3 Nxg3 20. Qxg3 Nxd4 21. cxd4 Qxd4+ 22. Bd3 0-1

[Event "Wch-Seniors"]
[Site "Kamena Vourla GRE"]
[Date "2012.11.14"]
[Round "2.26"]
[White "Piasetski, Leon"]
[Black "Baumgarten, Werner"]
[Result "1-0"]
[WhiteElo "2298"]
[BlackElo "1981"]
[PlyCount "73"]
[GameId "2130307689203697"]
[EventDate "2012.11.13"]
[EventType "swiss"]
[EventRounds "11"]
[EventCountry "GRE"]
[SourceTitle "The Week in Chess 941"]
[Source "Mark Crowther"]
[SourceDate "2012.11.18"]
[SourceVersion "1"]
[SourceVersionDate "2012.11.18"]
[SourceQuality "2"]

1. c4 b6 2. Nc3 Bb7 3. d4 e6 4. a3 f5 5. Bf4 Nf6 6. e3 Be7 7. h3 O-O 8. Nf3 Ne4 9. Nxe4 Bxe4 10. Be2 d6 11. O-O Kh8 12. b4 a5 13. Qb3 axb4 14. axb4 Rxa1 15. Rxa1 g5 16. Bh2 Nd7 17. Ra7 Rg8 18. Nd2 Ba8 19. d5 e5 20. e4 f4 21. Bg4 Nf6 22. Be6 Rf8 23. f3 Qb8 24. Qa4 Bb7 25. Kf1 Bc8 26. Bxc8 Rxc8 27. Qa6 h5 28. Bg1 Bd8 29. Bf2 g4 30. hxg4 hxg4 31. Ke2 g3 32. Be1 Kh7 33. Nb1 Kg6 34. Nc3 Ne8 35. Nb5 c6 36. dxc6 Rxc6 37. Ra8 1-0

[Event "Wch-Seniors"]
[Site "Kamena Vourla GRE"]
[Date "2012.11.16"]
[Round "4.14"]
[White "Piasetski, Leon"]
[Black "Rakhimberdiyev, Atalyk"]
[Result "1-0"]
[WhiteElo "2298"]
[BlackElo "2133"]
[PlyCount "81"]
[GameId "2130307689211978"]
[EventDate "2012.11.13"]
[EventType "swiss"]
[EventRounds "11"]
[EventCountry "GRE"]
[SourceTitle "The Week in Chess 941"]
[Source "Mark Crowther"]
[SourceDate "2012.11.18"]
[SourceVersion "1"]
[SourceVersionDate "2012.11.18"]
[SourceQuality "2"]

1. c4 e5 2. g3 Nc6 3. Bg2 g6 4. Nc3 Bg7 5. d3 d6 6. e4 h5 7. h3 Nd4 8. Nge2 Nxe2 9. Nxe2 Be6 10. Qb3 Qc8 11. f4 c6 12. Be3 Ne7 13. Qb4 c5 14. Qd2 Qd7 15. Rb1 Nc6 16. a3 a5 17. b3 O-O 18. fxe5 Nxe5 19. Nf4 Nc6 20. O-O a4 21. Nd5 Bxd5 22. cxd5 Nd4 23. b4 Nb3 24. Qd1 cxb4 25. axb4 Qb5 26. g4 hxg4 27. hxg4 Qxb4 28. Kh1 Qc3 29. g5 Bd4 30. Bf4 Kg7 31. Bh3 Rh8 32. Kg2 Be5 33. Qf3 Rhf8 34. Rf2 Ra6 35. Be6 Bxf4 36. Qxf4 Qe5 37. Qxf7+ Rxf7 38. Rxf7+ Kg8 39. Rxb7+ Kf8 40. Rh1 Ke8 41. Rb8+ 1-0

[Event "Wch-Seniors"]
[Site "Kamena Vourla GRE"]
[Date "2012.11.19"]
[Round "7.5"]
[White "Piasetski, Leon"]
[Black "Kakageldyev, Amanmurad"]
[Result "1/2-1/2"]
[WhiteElo "2298"]
[BlackElo "2375"]
[PlyCount "104"]
[GameId "2130307689220309"]
[EventDate "2012.11.13"]
[EventType "swiss"]
[EventRounds "11"]
[EventCountry "GRE"]
[SourceTitle "The Week in Chess 941"]
[Source "Mark Crowther"]
[SourceDate "2012.11.18"]
[SourceVersion "1"]
[SourceVersionDate "2012.11.18"]
[SourceQuality "2"]

1. Nf3 g6 2. c4 Bg7 3. d4 d6 4. Nc3 Bg4 5. e3 c5 6. Be2 Nc6 7. d5 Bxf3 8. gxf3 Nb8 9. f4 Nf6 10. e4 Nbd7 11. Bf3 a6 12. a4 Qc7 13. Qe2 O-O-O 14. O-O e5 15. dxe6 fxe6 16. Bg2 Rhe8 17. Bh3 Kb8 18. a5 Nh5 19. Be3 Bh6 20. f5 Bxe3 21. fxe3 exf5 22. Nd5 Qc6 23. exf5 Ne5 24. f6 Rf8 25. Ra3 Qe8 26. Rb3 Nc6 27. Qd2 Qe5 28. Bg2 Rf7 29. Ne7 Nb4 30. Nd5 Nc6 31. Rb6 Rdd7 32. b4 cxb4 33. Nxb4 Nxb4 34. Rxb4 Nxf6 35. Qd4 Qxd4 36. exd4 Ng4 37. Bh3 Rxf1+ 38. Kxf1 Rf7+ 39. Ke2 Rf4 40. Bxg4 Rxg4 41. Ke3 Rg5 42. d5 Rg2 43. Rb1 Rxh2 44. Rf1 Ra2 45. Rf8+ Kc7 46. Rf7+ Kc8 47. Rf8+ Kd7 48. Rf7+ Ke8 49. Rxh7 Rxa5 50. Rxb7 Ra1 51. Rg7 a5 52. Rxg6 Kd7 1/2-1/2

[Event "Wch-Seniors"]
[Site "Kamena Vourla GRE"]
[Date "2012.11.21"]
[Round "8.7"]
[White "Piasetski, Leon"]
[Black "Cebalo, Miso"]
[Result "1/2-1/2"]
[WhiteElo "2298"]
[BlackElo "2403"]
[PlyCount "83"]
[GameId "2130307689220360"]
[EventDate "2012.11.13"]
[EventType "swiss"]
[EventRounds "11"]
[EventCountry "GRE"]
[SourceTitle "The Week in Chess 942"]
[Source "Mark Crowther"]
[SourceDate "2012.11.27"]
[SourceVersion "1"]
[SourceVersionDate "2012.11.27"]
[SourceQuality "2"]

1. Nf3 c5 2. c4 g6 3. e4 Nc6 4. d4 cxd4 5. Nxd4 Nf6 6. Nc3 Nxd4 7. Qxd4 d6 8. f3 Bg7 9. Be3 O-O 10. Qd2 a5 11. b3 a4 12. b4 a3 13. Be2 Be6 14. Rc1 Nd7 15. Bd4 Bxd4 16. Qxd4 Ne5 17. Nd5 Nc6 18. Qd2 f6 19. Rb1 Bf7 20. O-O e5 21. Rfc1 Nd4 22. Bf1 Kg7 23. Ne3 f5 24. exf5 Qg5 25. Qf2 gxf5 26. Nc2 Nxc2 27. Rxc2 Qf6 28. Rd1 Rfd8 29. f4 Rac8 30. Rd3 e4 31. Rxa3 d5 32. cxd5 Rxc2 33. Qxc2 Qd4+ 34. Qf2 Rxd5 35. Rg3+ Kf6 36. Re3 Qxb4 37. Rb3 Qc5 38. Rb6+ Be6 39. Rxb7 Qxf2+ 40. Kxf2 Rd2+ 41. Ke3 Rxa2 42. Rxh7 1/2-1/2

[Event "Wch-Seniors"]
[Site "Kamena Vourla GRE"]
[Date "2012.11.22"]
[Round "9.7"]
[White "Suba, Mihai"]
[Black "Piasetski, Leon"]
[Result "0-1"]
[WhiteElo "2418"]
[BlackElo "2298"]
[PlyCount "56"]
[GameId "2130307689224503"]
[EventDate "2012.11.13"]
[EventType "swiss"]
[EventRounds "11"]
[EventCountry "GRE"]
[SourceTitle "The Week in Chess 942"]
[Source "Mark Crowther"]
[SourceDate "2012.11.27"]
[SourceVersion "1"]
[SourceVersionDate "2012.11.27"]
[SourceQuality "2"]

1. c4 f5 2. d4 Nf6 3. g3 g6 4. Bg2 Bg7 5. Nc3 O-O 6. Nh3 d6 7. d5 Na6 8. O-O Bd7 9. Nf4 Rb8 10. Nb5 c5 11. a4 Nc7 12. Nxa7 g5 13. Nd3 Ra8 14. Nb5 Nxb5 15. cxb5 h6 16. Ra3 Qe8 17. Ne1 Qh5 18. Nc2 f4 19. gxf4 gxf4 20. Bxf4 Ng4 21. Bg3 Bxb2 22. Ra2 Bg7 23. Qb1 Ne5 24. Ne3 Ng6 25. Be4 Nf4 26. Bxf4 Rxf4 27. Ng2 Be5 28. Nxf4 Bxf4 0-1

[Event "Sautron op-2"]
[Site "Sautron FRA"]
[Date "2012.10.29"]
[Round "4.6"]
[White "Rusev, Krasimir"]
[Black "Piasetski, Leon"]
[Result "1-0"]
[WhiteElo "2549"]
[BlackElo "2298"]
[PlyCount "117"]
[GameId "2130307690290543"]
[EventDate "2012.10.27"]
[EventType "swiss"]
[EventRounds "9"]
[EventCountry "FRA"]
[SourceTitle "The Week in Chess 939"]
[Source "Mark Crowther"]
[SourceDate "2012.11.06"]
[SourceVersion "1"]
[SourceVersionDate "2012.11.06"]
[SourceQuality "2"]

1. d4 f5 2. Bg5 Nf6 3. Bxf6 exf6 4. e3 c6 5. Nd2 d5 6. Ne2 Bd6 7. g3 Be6 8. Bg2 Nd7 9. O-O Qe7 10. b3 Nb6 11. c3 O-O 12. Qc2 Rac8 13. Nf4 Bxf4 14. exf4 c5 15. dxc5 Qxc5 16. Rfe1 Bf7 17. Rac1 d4 18. c4 Rc7 19. Nf3 Rd8 20. Qd3 Nc8 21. h3 Ne7 22. Rcd1 Nc6 23. Nh4 g6 24. Bxc6 Qxc6 25. Nf3 Rcd7 26. Rd2 a6 27. a4 Be6 28. Rde2 Bf7 29. Kh2 Qc5 30. Rd2 Qb4 31. Red1 Rd6 32. g4 fxg4 33. hxg4 R6d7 34. Kg3 b5 35. axb5 axb5 36. cxb5 Qxb3 37. Rc1 Qxd3 38. Rxd3 Rd5 39. b6 Rb5 40. Rc6 Rb8 41. Rxf6 R5xb6 42. Rxb6 Rxb6 43. Rxd4 Rb7 44. Ne5 Re7 45. Rd6 Kg7 46. Nf3 Be6 47. Nd4 Bc8 48. Rc6 Bd7 49. Rc7 Kf8 50. f5 gxf5 51. gxf5 Ke8 52. Kf4 Rg7 53. Ra7 Rg2 54. f3 Rd2 55. Ke5 h5 56. f6 h4 57. f7+ Kxf7 58. Rxd7+ Kg6 59. Rd6+ 1-0

[Event "Lille LUC op"]
[Site "Lille FRA"]
[Date "2012.04.26"]
[Round "5.23"]
[White "Richter, Goetz"]
[Black "Piasetski, Leon"]
[Result "1/2-1/2"]
[WhiteElo "2018"]
[BlackElo "2287"]
[PlyCount "43"]
[GameId "2130307699087869"]
[EventDate "2012.04.23"]
[EventType "swiss"]
[EventRounds "8"]
[EventCountry "FRA"]
[SourceTitle "The Week in Chess 912"]
[Source "Mark Crowther"]
[SourceDate "2012.04.30"]
[SourceVersion "2"]
[SourceVersionDate "2012.05.03"]
[SourceQuality "2"]

1. e4 Nf6 2. e5 Nd5 3. d4 d6 4. c4 Nb6 5. exd6 exd6 6. Nf3 Be7 7. Be2 O-O 8. O-O Bg4 9. b3 Bf6 10. Be3 d5 11. c5 Nc8 12. Nbd2 Ne7 13. h3 Be6 14. g4 g6 15. Ne5 Nbc6 16. f4 Bg7 17. Ndf3 f6 18. Nxc6 Nxc6 19. Qd2 Ne7 20. Nh4 Qd7 21. Bd3 f5 22. g5 1/2-1/2

[Event "Gibraltar op"]
[Site "Caleta ENG"]
[Date "2012.01.24"]
[Round "1.30"]
[White "Kulaots, Kaido"]
[Black "Piasetski, Leon"]
[Result "1-0"]
[WhiteElo "2581"]
[BlackElo "2305"]
[PlyCount "59"]
[GameId "2130307701375638"]
[EventDate "2012.01.24"]
[EventType "swiss"]
[EventRounds "10"]
[EventCountry "ENG"]
[SourceTitle "The Week in Chess 899"]
[Source "Mark Crowther"]
[SourceDate "2012.01.30"]
[SourceVersion "1"]
[SourceVersionDate "2012.01.30"]
[SourceQuality "2"]

1. e4 Nf6 2. e5 Nd5 3. d4 d6 4. c4 Nb6 5. f4 Bf5 6. Nc3 e6 7. Nf3 Be7 8. Be3 O-O 9. Bd3 Bxd3 10. Qxd3 d5 11. b3 dxc4 12. bxc4 Nc6 13. Ne4 f6 14. O-O Qd7 15. exf6 gxf6 16. f5 exf5 17. Ng3 Nb4 18. Qb3 f4 19. Bxf4 Nc6 20. Qd3 Nb4 21. Qc3 c5 22. d5 Rae8 23. Bh6 Rf7 24. Ng5 Bd8 25. Nxf7 Qxf7 26. Nf5 Qg6 27. Rae1 Nxa2 28. Rxe8+ Qxe8 29. Qg3+ Qg6 30. Qd6 1-0

[Event "Gibraltar op"]
[Site "Caleta ENG"]
[Date "2012.01.27"]
[Round "4.32"]
[White "Kanep, Meelis"]
[Black "Piasetski, Leon"]
[Result "1-0"]
[WhiteElo "2509"]
[BlackElo "2305"]
[PlyCount "105"]
[GameId "2130307701392381"]
[EventDate "2012.01.24"]
[EventType "swiss"]
[EventRounds "10"]
[EventCountry "ENG"]
[SourceTitle "The Week in Chess 899"]
[Source "Mark Crowther"]
[SourceDate "2012.01.30"]
[SourceVersion "1"]
[SourceVersionDate "2012.01.30"]
[SourceQuality "2"]

1. d4 d5 2. c4 e6 3. Nc3 Bb4 4. Nf3 Nf6 5. Bg5 h6 6. Bxf6 Qxf6 7. Qb3 c5 8. cxd5 exd5 9. e3 O-O 10. dxc5 Nc6 11. Bb5 Ba5 12. O-O Bxc3 13. Qxc3 Qxc3 14. bxc3 Na5 15. Nd4 a6 16. Be2 Be6 17. Nb3 Nc4 18. Bxc4 dxc4 19. Nd4 Rfc8 20. c6 bxc6 21. Nxe6 fxe6 22. Rab1 Rab8 23. g3 Rb5 24. Rfd1 Rc7 25. a4 Rd5 26. Kf1 Rcd7 27. Rd4 c5 28. Rxc4 Rd2 29. Rb8+ Kh7 30. Rf8 Ra2 31. h4 g6 32. Rf6 Re7 33. Rxc5 Kg7 34. Rf4 e5 35. Rfc4 Rf7 36. f4 exf4 37. exf4 h5 38. Rc7 a5 39. Rxf7+ Kxf7 40. Rd4 Ke6 41. Ke1 Rg2 42. c4 Rxg3 43. Kd2 Rg2+ 44. Kd3 Rg3+ 45. Kc2 Rg2+ 46. Kc3 Rg3+ 47. Rd3 Rg4 48. c5 Rxf4 49. c6 Ke7 50. Rd7+ Ke6 51. Rd8 Rf1 52. Kc4 Rc1+ 53. Kb5 1-0

[Event "Gibraltar op"]
[Site "Caleta ENG"]
[Date "2012.01.28"]
[Round "5.70"]
[White "Piasetski, Leon"]
[Black "Lam King Wai, Daniel"]
[Result "1-0"]
[WhiteElo "2305"]
[BlackElo "2022"]
[PlyCount "87"]
[GameId "2130307701396636"]
[EventDate "2012.01.24"]
[EventType "swiss"]
[EventRounds "10"]
[EventCountry "ENG"]
[SourceTitle "The Week in Chess 899"]
[Source "Mark Crowther"]
[SourceDate "2012.01.30"]
[SourceVersion "1"]
[SourceVersionDate "2012.01.30"]
[SourceQuality "2"]

1. c4 b6 2. d4 e6 3. Nc3 Bb7 4. Qc2 f5 5. Nh3 Nf6 6. e3 Bb4 7. f3 O-O 8. a3 Bxc3+ 9. Qxc3 Kh8 10. Be2 a5 11. b3 d6 12. Bb2 Qe7 13. O-O Nbd7 14. Bd3 Nh5 15. Qc2 Nhf6 16. b4 axb4 17. axb4 c5 18. Qb3 Rfb8 19. Rxa8 Bxa8 20. Ra1 cxd4 21. exd4 d5 22. Ra7 dxc4 23. Bxc4 Nd5 24. b5 h6 25. Qa3 Qxa3 26. Bxa3 N7f6 27. Kf2 Rc8 28. Bd3 Kg8 29. Bd6 Ne8 30. Be5 Ndc7 31. g4 fxg4 32. fxg4 Bd5 33. Nf4 Bb3 34. Nh5 Ra8 35. Rxc7 Nxc7 36. Bxc7 Ra2+ 37. Ke3 Bd1 38. h3 Ra3 39. Kd2 Bf3 40. Bxb6 g5 41. Nf6+ Kf7 42. Ne4 Bxe4 43. Bxe4 Rxh3 44. Bc7 1-0

[Event "Gibraltar op"]
[Site "Caleta ENG"]
[Date "2012.01.29"]
[Round "6.30"]
[White "Del Rio de Angelis, Salvador Gabriel"]
[Black "Piasetski, Leon"]
[Result "1-0"]
[WhiteElo "2531"]
[BlackElo "2305"]
[PlyCount "69"]
[GameId "2130307701400814"]
[EventDate "2012.01.24"]
[EventType "swiss"]
[EventRounds "10"]
[EventCountry "ENG"]
[SourceTitle "The Week in Chess 899"]
[Source "Mark Crowther"]
[SourceDate "2012.01.30"]
[SourceVersion "1"]
[SourceVersionDate "2012.01.30"]
[SourceQuality "2"]

1. d4 Nf6 2. c4 d6 3. Nc3 Nbd7 4. e4 e5 5. Nf3 Be7 6. Be2 O-O 7. O-O Re8 8. Re1 Bf8 9. Bf1 c6 10. d5 a6 11. Rb1 Qc7 12. Bd2 g6 13. b4 c5 14. a3 Nh5 15. Na4 Ng7 16. bxc5 dxc5 17. Re3 f5 18. Reb3 Bd6 19. Ng5 Rb8 20. f3 f4 21. Nh3 Qd8 22. Nf2 g5 23. g3 h5 24. Nb6 Nxb6 25. Rxb6 Rf8 26. gxf4 gxf4 27. Kh1 Rf6 28. Bh3 Rg6 29. Qf1 Qh4 30. Bxc8 Rxc8 31. Be1 Kh7 32. Rxb7 Rc7 33. Rxc7 Bxc7 34. Nd3 Qe7 35. Rb7 1-0

[Event "Gibraltar op"]
[Site "Caleta ENG"]
[Date "2012.01.30"]
[Round "7.70"]
[White "Piasetski, Leon"]
[Black "Compton, Alistair"]
[Result "1/2-1/2"]
[WhiteElo "2305"]
[BlackElo "2051"]
[PlyCount "61"]
[GameId "2130307701413262"]
[EventDate "2012.01.24"]
[EventType "swiss"]
[EventRounds "10"]
[EventCountry "ENG"]
[SourceTitle "The Week in Chess 900"]
[Source "Mark Crowther"]
[SourceDate "2012.02.06"]
[SourceVersion "1"]
[SourceVersionDate "2012.02.06"]
[SourceQuality "2"]

1. Nf3 d5 2. d4 e6 3. c4 c5 4. cxd5 exd5 5. g3 Nc6 6. Bg2 Nf6 7. O-O Be7 8. Nc3 O-O 9. Bf4 Bg4 10. dxc5 Bxc5 11. Rc1 Be7 12. Ne5 Be6 13. Na4 Rc8 14. Nc5 Bxc5 15. Rxc5 Qb6 16. Nd3 Ne4 17. Rc1 Rfd8 18. h3 h6 19. Kh2 g5 20. Bd2 Bf5 21. f4 g4 22. hxg4 Bxg4 23. Bf3 Bxf3 24. exf3 Nxd2 25. Qxd2 Re8 26. Rfe1 Rxe1 27. Qxe1 Qd4 28. Qe2 Qf6 29. Ne5 Re8 30. Qb5 a6 31. Qxb7 1/2-1/2

[Event "Gibraltar op"]
[Site "Caleta ENG"]
[Date "2012.01.31"]
[Round "8.63"]
[White "Piasetski, Leon"]
[Black "Weber, Franc ESP"]
[Result "1/2-1/2"]
[WhiteElo "2305"]
[BlackElo "2155"]
[PlyCount "214"]
[GameId "2130307701417471"]
[EventDate "2012.01.24"]
[EventType "swiss"]
[EventRounds "10"]
[EventCountry "ENG"]
[SourceTitle "The Week in Chess 900"]
[Source "Mark Crowther"]
[SourceDate "2012.02.06"]
[SourceVersion "1"]
[SourceVersionDate "2012.02.06"]
[SourceQuality "2"]

1. d4 Nf6 2. Nc3 d5 3. Bg5 Nbd7 4. e4 Nxe4 5. Nxe4 dxe4 6. Ne2 h6 7. Bh4 c6 8. Qd2 Nb6 9. Nc3 Bf5 10. h3 g5 11. Bg3 Bg7 12. O-O-O Qd7 13. h4 g4 14. Be2 Rd8 15. Qf4 h5 16. Kb1 Qe6 17. Qc7 Qc8 18. Qxc8 Rxc8 19. f3 exf3 20. gxf3 Rd8 21. Bf2 gxf3 22. Bxf3 Bg4 23. Bxg4 hxg4 24. Ne4 Nc4 25. Rhg1 Bh6 26. b3 Nb6 27. c4 Nd7 28. Rde1 Kf8 29. Ng3 e6 30. d5 cxd5 31. cxd5 Re8 32. dxe6 Rxe6 33. Nf5 Ne5 34. Bd4 Bf4 35. Rgf1 Nf3 36. Rd1 Be5 37. Bxe5 Rxe5 38. Rd8+ Re8 39. Rd7 Rh5 40. Ng3 Rxh4 41. Rc1 Re5 42. Rcc7 Ng5 43. Rc4 Rh2 44. Rxb7 a5 45. Rbc7 Re1+ 46. Rc1 Rxc1+ 47. Rxc1 Rf2 48. Rc4 f5 49. Nxf5 Rxf5 50. Rxg4 Nf3 51. Kb2 Ne5 52. Rg2 Ke7 53. Rd2 Ke6 54. Ka3 Rf4 55. Kb2 Rf3 56. Rh2 Kd5 57. Ka3 Rf4 58. Rh5 Re4 59. Rf5 Kc5 60. Rh5 Re2 61. Rf5 Kd4 62. Rf4+ Kc5 63. Rh4 Rd2 64. Rh5 Re2 65. Rh4 Kb5 66. Rh5 Kb6 67. Rh6+ Nc6 68. Rg6 Re5 69. Ka4 Re4+ 70. Ka3 Re2 71. Rh6 Rc2 72. Rg6 Kc5 73. Rg5+ Kd4 74. Rg4+ Kd5 75. Rg5+ Kd6 76. Rg6+ Ke7 77. Rg5 Re2 78. Rh5 Kd6 79. Rg5 Kc7 80. Rf5 Kb6 81. Rf6 Kc5 82. Rf5+ Kd4 83. Rh5 Kd3 84. Rd5+ Kc2 85. Rh5 Ne5 86. Ka4 Kc3 87. Kxa5 Rxa2+ 88. Kb5 Re2 89. Rh3+ Nd3 90. Kc6 Re4 91. Kd5 Rd4+ 92. Ke6 Kb4 93. Kf5 Kc5 94. Rh8 Rf4+ 95. Ke6 Nb4 96. Rh5+ Kc6 97. Rf5 Rg4 98. Rf1 Nd3 99. Ra1 Nc5+ 100. Kf5 Rb4 101. Rd1 Rb8 102. b4 Rf8+ 103. Ke5 Nd7+ 104. Ke4 Nf6+ 105. Kd3 Rd8+ 106. Ke2 Rxd1 107. Kxd1 Kb5 1/2-1/2

[Event "Gibraltar op"]
[Site "Caleta ENG"]
[Date "2012.02.01"]
[Round "9.66"]
[White "Peredy, Ferenc"]
[Black "Piasetski, Leon"]
[Result "0-1"]
[WhiteElo "2180"]
[BlackElo "2305"]
[PlyCount "70"]
[GameId "2130307701425785"]
[EventDate "2012.01.24"]
[EventType "swiss"]
[EventRounds "10"]
[EventCountry "ENG"]
[SourceTitle "The Week in Chess 900"]
[Source "Mark Crowther"]
[SourceDate "2012.02.06"]
[SourceVersion "1"]
[SourceVersionDate "2012.02.06"]
[SourceQuality "2"]

1. e4 c5 2. c4 e6 3. d4 d5 4. e5 Nc6 5. Nf3 Qb6 6. a3 dxc4 7. Nbd2 Na5 8. h4 Bd7 9. h5 O-O-O 10. g3 Nh6 11. Bh3 f5 12. exf6 gxf6 13. O-O Rg8 14. Kg2 Nf5 15. Re1 Bd6 16. Nf1 Nb3 17. Rb1 Qc7 18. Kh1 e5 19. Bg2 e4 20. N3h2 Ne7 21. Bh6 f5 22. f4 Be6 23. Bg5 Rxg5 24. fxg5 Rg8 25. Re3 Rxg5 26. Bh3 Qd7 27. Qe2 f4 28. gxf4 Bxf4 29. Bxe6 Qxe6 30. Rf3 Qg8 31. Ne3 exf3 32. Qxf3 Bxe3 33. Qxe3 Nf5 34. Qh3 Kb8 35. Nf3 Rxh5 0-1

[Event "Balaguer op"]
[Site "Balaguer ESP"]
[Date "2011.07.17"]
[Round "1"]
[White "Aldoma Pubil, L Roger"]
[Black "Piasetski, Leon"]
[Result "0-1"]
[WhiteElo "1678"]
[BlackElo "2289"]
[PlyCount "58"]
[GameId "2129405069104551"]
[EventDate "2011.07.17"]
[EventType "swiss"]
[EventRounds "9"]
[EventCountry "ESP"]
[SourceTitle "The Week in Chess 873"]
[Source "Mark Crowther"]
[SourceDate "2011.08.01"]
[SourceVersion "1"]
[SourceVersionDate "2011.08.01"]
[SourceQuality "2"]

1. Nf3 Nf6 2. g3 d5 3. Bg2 g6 4. O-O Bg7 5. d4 O-O 6. c4 c6 7. b3 Bg4 8. Ne5 Be6 9. Bb2 Nbd7 10. Nf3 dxc4 11. bxc4 Bxc4 12. Nbd2 Ba6 13. Re1 Nd5 14. a3 c5 15. e4 Nc7 16. Rc1 cxd4 17. Bxd4 Bxd4 18. Nxd4 Ne5 19. Rxc7 Qxc7 20. f4 Nd3 21. Re3 e5 22. fxe5 Nxe5 23. N2f3 Rad8 24. Qe1 Nxf3+ 25. Nxf3 Qc5 26. Kh1 Rd1 27. Qxd1 Qxe3 28. Ne5 Qxa3 29. Nd7 Rc8 0-1

[Event "Lille op"]
[Site "Lille FRA"]
[Date "2011.04.26"]
[Round "2.8"]
[White "Piasetski, Leon"]
[Black "Arizmendi Martinez, Julen Luis"]
[Result "0-1"]
[WhiteElo "2299"]
[BlackElo "2561"]
[PlyCount "78"]
[GameId "2129405071530394"]
[EventDate "2011.04.25"]
[EventType "swiss"]
[EventRounds "9"]
[EventCountry "FRA"]
[SourceTitle "The Week in Chess 860"]
[Source "Mark Crowther"]
[SourceDate "2011.05.02"]
[SourceVersion "2"]
[SourceVersionDate "2011.05.03"]
[SourceQuality "2"]

1. d4 e6 2. c4 Nf6 3. Nc3 Bb4 4. e3 O-O 5. Nge2 d5 6. a3 Bd6 7. c5 Be7 8. b4 c6 9. Nf4 b6 10. Be2 a5 11. Rb1 axb4 12. axb4 Nbd7 13. O-O Ba6 14. Bb2 Bxe2 15. Qxe2 Qc7 16. Ra1 Qb7 17. g3 Rfb8 18. Rxa8 Rxa8 19. Ra1 Ne4 20. Qd1 Rxa1 21. Qxa1 Nd2 22. Kg2 Nc4 23. Bc1 bxc5 24. bxc5 e5 25. Nfe2 h5 26. Qb1 Qc8 27. h3 Nf6 28. f3 Nh7 29. dxe5 Ng5 30. Ng1 Bxc5 31. f4 Ne6 32. e4 Bxg1 33. Kxg1 Nc5 34. Kh2 d4 35. Qb4 Qa6 36. Qxc5 dxc3 37. Qf2 Qa4 38. Qe2 Nd2 39. e6 fxe6 0-1